00548nam a2200181 a 4500001001000000003000400010005001700014008004100031040002500072082002400097100004200121245007300163260004200236300002000278650002200298650002700320740001900347000031227OSt20240530073920.0110615s1989 fr 000 0 spa d aDO-SdBNPbspacBNPHU74aRD863.42bP438J2221 aPérez-Alfonseca, Ricardod1892-195010aJuan de Nueva York, o, El Antinarciso. /cRicardo Pérez-Alfonseca. aParis :bEdiciones Fin de Mes,c1989. a85 p. ;c20 cm. 0aNovela dominicana 0aLiteratura dominicana.2 aEl antinarciso